Añoranzas /

I tiakina i:
Ngā taipitopito rārangi puna kōrero
Kaituhi matua: Aguayo Bastidas, Héctor (autor)
Hōputu: Pukapuka
Reo:Pāniora
I whakaputaina: Viña del Mar, Chile : Fundación Internacional de Desarrollo, Educación, Ciencia y Cooperación, 2005, c2005
Ngā marau:
Ngā Tūtohu: Tāpirihia he Tūtohu
Kāore He Tūtohu, Me noho koe te mea tuatahi ki te tūtohu i tēnei pūkete!

MARC

LEADER 00000nam^a2200000^a^4500
001 000185865
005 20250521000000.0
009 20260310102205.703
020 |a 956-7824-07-X 
037 |a Acervo ITESO - Biblioteca 
041 |a ESP 
082 |a 861.  |b AGU 
100 |a Aguayo Bastidas, Héctor  |e (autor) 
245 1 0 |a Añoranzas /  |c H. Aguayo Bastidas ; pról. de Mónica Aguayo Vicencio. 
264 4 |a Viña del Mar, Chile :  |b Fundación Internacional de Desarrollo, Educación, Ciencia y Cooperación,  |c 2005, c2005 
300 |a 148 p. 
336 |a texto  |b txt  |2 rdacontenido 
337 |a sin mediación  |b n  |2 rdamedio 
338 |a volumen  |b nc  |2 rdasoporte 
649 |a XX 
650 |a Poesía Chilena 
650 |a Literatura Chilena -  |y Siglo XX 
910 |a Fondo General 
920 |a Impresos - Libros 
930 |a Colección General 
940 |a Literatura 
905 |a 101 
901 |a 0500127052  |b IT1  |c LIT  |u 20250521 
902 |a https://opac.biblio.iteso.mx/vufind/Record/000185865